|
|
|
|
| LEADER |
01402nam a2200265 a 4500 |
| 001 |
0017444 |
| 003 |
BD-DhAAL |
| 008 |
091026s1989 bg k 001 0 eng d |
| 020 |
|
|
|a 8170123909
|
| 040 |
|
|
|a PU-L
|c PU-L
|d BD-DhAAL
|
| 082 |
0 |
0 |
|a 341.67
|2 21
|
| 100 |
1 |
|
|a Ramachandra Rao, A. S
|9 58571
|
| 245 |
1 |
4 |
|a The modern commercial draftsman :
|b an exhaustive compendium dealing with legal drafting of agreements and information relating to foreign collaboration, foreign exchange regulations, import and exports, national and international banking, industrial policy, and corporate and real estate activities in India /
|c A.S. Ramachandra Rao
|
| 260 |
|
|
|a Lucknow :
|b Eastern Book Company,
|c 1989.
|
| 300 |
|
|
|a xi, 1042 p. :
|b illustrations, forms ;
|c 25 cm.
|
| 500 |
|
|
|a Includes index.
|
| 526 |
|
|
|a SOL
|x Professor K Shamsuddin Mahmood
Professor and Dean
School of Law
BRAC University
|
| 541 |
1 |
|
|e 0017444
|a Anupam Gyan Bhandar
|
| 650 |
|
0 |
|a Forms (Law)
|z India
|
| 650 |
|
0 |
|a Commercial law
|z India
|
| 650 |
|
0 |
|a Legal composition
|
| 852 |
4 |
|
|a Ayesha Abed Library
|c General Stacks
|
| 942 |
|
|
|2 ddc
|c BK
|
| 999 |
|
|
|c 8039
|d 8039
|
| 952 |
|
|
|0 0
|1 0
|2 ddc
|4 0
|6 341_670000000000000_RAM_1989
|7 0
|9 9121
|a BRACUL
|b BRACUL
|c GEN
|d 2010-04-08
|e Anupam Gyan Bhandar
|g 360.00
|l 0
|o 341.67 RAM
|p 3010017444
|r 2010-04-08
|t 1
|w 2010-04-08
|y BK
|x Requisitioned by Professor K Shamsuddin Mahmood (Professor and Dean), School of Law, BRAC University
|